Primetime Emmy Award for Outstanding Comedy Series - Statistics

General Stats
  • This quiz has been taken 847 times
    247 since last reset
  • The average score is 33 of 73
Answer Stats
Hint Answer % Correct
2002 Friends
87%
1953 I Love Lucy
76%
1954 I Love Lucy
76%
1993 Seinfeld
75%
1983 Cheers
74%
1984 Cheers
74%
1989 Cheers
74%
1991 Cheers
74%
2010 Modern Family
68%
2011 Modern Family
68%
2012 Modern Family
68%
2013 Modern Family
68%
2014 Modern Family
68%
2006 The Office
66%
1994 Frasier
65%
1995 Frasier
65%
1996 Frasier
65%
1997 Frasier
65%
1998 Frasier
65%
1971 All in the Family
58%
1972 All in the Family
58%
1973 All in the Family
58%
1978 All in the Family
58%
1974 M*A*S*H*
57%
2015 Veep
57%
2016 Veep
57%
2017 Veep
57%
2023 The Bear
56%
1975 The Mary Tyler Moore Show
54%
1976 The Mary Tyler Moore Show
54%
1977 The Mary Tyler Moore Show
54%
2007 30 Rock
51%
2008 30 Rock
51%
2009 30 Rock
51%
2003 Everybody Loves Raymond
49%
2005 Everybody Loves Raymond
49%
1986 The Golden Girls
48%
1987 The Golden Girls
48%
2004 Arrested Development
47%
1985 The Cosby Show
47%
2001 Sex and the City
44%
1963 The Dick Van Dyke Show
43%
1964 The Dick Van Dyke Show
43%
1965 The Dick Van Dyke Show
43%
1966 The Dick Van Dyke Show
43%
2020 Schitt's Creek
42%
2024 Hacks
40%
2021 Ted Lasso
40%
2022 Ted Lasso
40%
2000 Will & Grace
40%
1979 Taxi
37%
1980 Taxi
37%
1981 Taxi
37%
2018 The Marvelous Mrs. Maisel
33%
2019 Fleabag
32%
1990 Murphy Brown
30%
1992 Murphy Brown
30%
1999 Ally McBeal
24%
1982 Barney Miller
19%
1988 The Wonder Years
18%
1968 Get Smart
17%
1969 Get Smart
17%
1962 The Bob Newhart Show
17%
1956 The Phil Silvers Show
14%
1957 The Phil Silvers Show
14%
1958 The Phil Silvers Show
14%
1967 The Monkees
9%
1952 The Red Skelton Show
8%
1955 Make Room for Daddy
7%
1960 The Art Carney Special
7%
1959 The Jack Benny Program
7%
1961 The Jack Benny Program
7%
1970 My World and Welcome To It
5%
No matching quizzes found
Score Distribution
Percent of People with Each Score
Percentile by Number Answered
Your Score History
You have not taken this quiz since the last reset